লোডিং...

Rural Focus of Budget 2012 - 13

গ্রন্থ-পঞ্জীর বিবরন
প্রধান লেখক: Srinivasan G
ভাষা:Undetermined
বিষয়গুলি:
LEADER 00457nab a2200145Ia 4500
008 170811c99999999xx |||||||||||| ||und||
100 |a Srinivasan G 
245 |a Rural Focus of Budget 2012 - 13 
300 |a 3-5 
653 |a  NABARD 
653 |a Rural Development 
773 |t Kurukshetra   |g Vol. 60 No. 6 (April) 2012 
942 |c ART 
999 |c 177938  |d 177938 
952 |0 0  |1 0  |4 0  |7 0  |9 243786  |a LIB  |b LIB  |d 2017-08-13  |h Vol. 60 No. 6 (April) 2012  |r 2017-08-13  |w 2017-08-13  |y ART